000 00545nam a2200181 a 4500
001 3444
005 20140414132005.0
008 060327s19uu xx 00 eng d
020 _a0-02-830901-4
050 _aTR 372.4
_bA1 L.K-B.A
100 _aAdams, Marilyn Jager
245 _aSRA open court reading, Bk. A :
_bkindergarten /
_cMarilyn Jager Adams.
260 _aColumbus, Ohio :
_bSRA/McGRaw-Hill,
_c2000.
300 _a365 p. ; cm.
440 _aSRA Open Court Reading, Red
650 _aReading
_xStudy and teaching.
999 _c113162
_d113162